| 000 | 00823cam a22002412 4500 | ||
|---|---|---|---|
| 001 | 0000021389 | ||
| 005 | 20151217145935.0 | ||
| 008 | 120420s xx 000 0 eng d | ||
| 020 | _a1847038623 : | ||
| 040 |
_aKABU _cKABU |
||
| 100 | 1 |
_aBenjamin, Judah Philip. _@0000182211 |
|
| 245 | 1 | 0 | _aBenjamin's sale of goods. |
| 250 |
_a8th ed. / _bM. Bridge, general editor. |
||
| 260 |
_aLondon : _bSweet & Maxwell, _c2010. |
||
| 300 | _acclxxvi,2576 p. | ||
| 650 | 0 |
_aSales _zGreat Britain. _@0000158670 |
|
| 852 | 1 | _9p56,772 KES | |
| 852 | 1 | _9p56,772 KES | |
| 852 | 1 | _9p56,772 KES | |
| 852 | 1 | _9p56,772 KES | |
| 908 | _a120420 | ||
| 950 | _@1 | ||
| 999 |
_c4297 _d4297 |
||